00637 2200229 4500001002100000005001500021035002000036245010500056100002300161250000600184300003100190700001800221260002700239082001000266084001600276020001800292650002900310990001700339990001700356990001700373990001700390INLIS00000000000068220190125034645 a0010-01190001381 aBeternak Ayam Buras :bPeluang Bisnis Menguntungkan /cBambang Marhiyanto; penyunting, Titik Oktia M0 aBambang Marhiyanto a- a60 hlm. :bilus. ;c21 cm.0 aTitik Oktia M aSurabaya :bSIC,c2010 a635.5 a635.5 BAM b a979-9415-39-X aBeternak Unggas ( Ayam ) a02572/P/2018 a02573/P/2018 a02574/P/2018 a02575/P/2018